[Event "CYCC U14"]
[Site "Windsor CAN"]
[Date "2010.07.08"]
[Round "6"]
[White "Florea, Alexandru"]
[Black "Itkin, David"]
[Result "0-1"]
[WhiteElo "2034"]
[BlackElo "1966"]
[PlyCount "100"]
[EventDate "2010.07.06"]
[EventType "swiss"]
[EventRounds "7"]
[EventCountry "CAN"]

1. e4 c5 2. Nc3 Nc6 3. f4 e6 4. Nf3 Nge7 5. g3 d5 6. d3 g6 7. Bg2 Bg7 8. O-O b6
9. Ne2 dxe4 10. dxe4 Ba6 11. Qxd8+ Rxd8 12. Kf2 Bd4+ 13. Nexd4 Nxd4 14. Rd1
Nxc2 15. Rxd8+ Kxd8 16. Rb1 Nc6 17. f5 Ke7 18. fxe6 Kxe6 19. Bd2 f6 20. Bc3 Rd8
21. a3 N2d4 22. Bh3+ Kf7 23. Re1 Nxf3 24. Kxf3 Ne5+ 25. Kg2 Nc4 26. Bg4 Nxb2
27. e5 f5 28. e6+ Ke7 29. Bf3 Nc4 30. Bc6 Rd1 31. Re2 Nd6 32. Re5 Bb7 33. Bxb7
Nxb7 34. Re2 Nd6 35. g4 Ne4 36. gxf5 gxf5 37. Be1 Kxe6 38. Kf3 Rd3+ 39. Kf4
Rxa3 40. Rg2 b5 41. Rg7 Nf6 42. Rb7 b4 43. Bf2 c4 44. Bc5 a5 45. Re7+ Kd5 46.
Re5+ Kc6 47. Be7 Nd5+ 48. Kxf5 Nxe7+ 49. Rxe7 c3 50. Re8 Kd7 0-1

[Event "CYCC U14"]
[Site "Windsor CAN"]
[Date "2010.07.08"]
[Round "6"]
[White "Gagnon, Justin"]
[Black "Schneider, Corin"]
[Result "1-0"]
[WhiteElo "1824"]
[BlackElo "1630"]
[PlyCount "67"]
[EventDate "2010.07.06"]
[EventType "swiss"]
[EventRounds "7"]
[EventCountry "CAN"]

1. b3 e5 2. Bb2 Nc6 3. e3 d5 4. Bb5 Bd6 5. Bxc6+ bxc6 6. d3 Nf6 7. Ne2 O-O 8.
Nbc3 Ba6 9. O-O Qe7 10. Ng3 Bc8 11. Qd2 Ba3 12. Bxa3 Qxa3 13. f4 exf4 14. Rxf4
Qe7 15. Re1 Re8 16. h3 Ba6 17. Kf2 Rad8 18. Ra4 Bb5 19. Rxa7 Ra8 20. Rxa8 Rxa8
21. a4 Ba6 22. Nce2 Re8 23. Ng1 Nd7 24. Nf3 Ne5 25. Qd1 Ng6 26. e4 Qd7 27. exd5
cxd5 28. Rxe8+ Qxe8 29. Qe2 Qxe2+ 30. Nxe2 Kf8 31. Ke3 Ke7 32. Kd4 Kd6 33. b4
c6 34. c4 1-0

[Event "CYCC U14"]
[Site "Windsor CAN"]
[Date "2010.07.08"]
[Round "6"]
[White "Haggith, Robert"]
[Black "Bacic, Andrew"]
[Result "0-1"]
[WhiteElo "906"]
[BlackElo "1156"]
[PlyCount "62"]
[EventDate "2010.07.06"]
[EventType "swiss"]
[EventRounds "7"]
[EventCountry "CAN"]

1. e4 e5 2. Bc4 Nc6 3. Nf3 Nf6 4. Nc3 Na5 5. Bd5 Nxd5 6. exd5 d6 7. d4 Bg4 8.
Bg5 f6 9. Be3 Bxf3 10. Qxf3 Qd7 11. Qh5+ g6 12. Qf3 Be7 13. Bh6 Rg8 14. O-O
O-O-O 15. Ne4 f5 16. dxe5 fxe4 17. Qf7 dxe5 18. f3 Bc5+ 19. Kh1 Qxf7 20. fxe4
Qd7 21. Bg5 Rde8 22. Rf3 Nc4 23. b3 Nd6 24. Rh3 Nxe4 25. Bc1 Nf2+ 26. Kg1 Nxh3+
27. Kf1 Qf5+ 28. Ke1 Ref8 29. gxh3 Qe4+ 30. Kd2 Qe3+ 31. Kd1 Rf1# 0-1

[Event "CYCC U14"]
[Site "Windsor CAN"]
[Date "2010.07.08"]
[Round "6"]
[White "Jeyapragasan, Kuhan"]
[Black "Su, Stanley"]
[Result "0-1"]
[WhiteElo "1147"]
[BlackElo "1589"]
[PlyCount "54"]
[EventDate "2010.07.06"]
[EventType "swiss"]
[EventRounds "7"]
[EventCountry "CAN"]

1. e4 e5 2. Nf3 Nc6 3. Bb5 a6 4. Ba4 d6 5. h3 Nf6 6. O-O g6 7. c3 Bg7 8. Re1
O-O 9. d4 b5 10. Bb3 Kh8 11. Ng5 Qe8 12. d5 Ne7 13. a4 h6 14. Nf3 Bd7 15. Bd2
Nfg8 16. c4 bxc4 17. Bxc4 f5 18. Bc3 fxe4 19. Rxe4 Bf5 20. Re3 Nf6 21. Nh4 Qf7
22. Nxf5 Nxf5 23. Rf3 Nh4 24. Re3 Ng4 25. Re2 Nxf2 26. Qe1 Nxh3+ 27. gxh3 Nf3+
0-1

[Event "CYCC U14"]
[Site "Windsor CAN"]
[Date "2010.07.08"]
[Round "6"]
[White "Myers, Joshua"]
[Black "Chan, Alex"]
[Result "1-0"]
[WhiteElo "1498"]
[BlackElo "1820"]
[PlyCount "113"]
[EventDate "2010.07.06"]
[EventType "swiss"]
[EventRounds "7"]
[EventCountry "CAN"]

1. e4 e5 2. Nf3 Nc6 3. Bb5 a6 4. Ba4 Nf6 5. O-O b5 6. Bb3 Be7 7. Re1 d6 8. h3
O-O 9. c3 Bb7 10. Bc2 Re8 11. d4 h6 12. Nbd2 Bf8 13. Nf1 exd4 14. cxd4 Nb4 15.
Ng3 Nxc2 16. Qxc2 d5 17. e5 Nd7 18. Qf5 g6 19. Qg4 Bc8 20. e6 Nf6 21. exf7+
Kxf7 22. Rxe8 Qxe8 23. Qf4 c6 24. Ne5+ Ke7 25. Bd2 Nh7 26. Bb4+ Kd8 27. Nf7+
Kd7 28. Re1 Bxb4 29. Rxe8 Kxe8 30. Nd6+ Ke7 31. Qe5+ Be6 32. Nb7 Nf6 33. Nc5
Bxc5 34. dxc5 Ne8 35. Ne2 Kf7 36. Nf4 Bd7 37. Nxd5 Be6 38. Nc7 Ng7 39. Nxe6
Nxe6 40. Qc3 Nd8 41. f4 h5 42. g4 hxg4 43. hxg4 a5 44. g5 Ke6 45. Qe5+ Kd7 46.
Qd6+ Kc8 47. Qxg6 Ra7 48. Qf5+ Rd7 49. g6 Nb7 50. g7 a4 51. g8=Q+ Nd8 52. Qgg4
Kb8 53. Qxd7 Nb7 54. Qg8+ Ka7 55. Qgc8 Ka6 56. Qdc7 b4 57. Qb6# 1-0

[Event "CYCC U14"]
[Site "Windsor CAN"]
[Date "2010.07.08"]
[Round "6"]
[White "Passador, Stephen"]
[Black "Bao, Tony"]
[Result "1-0"]
[WhiteElo "1362"]
[BlackElo "1221"]
[PlyCount "79"]
[EventDate "2010.07.06"]
[EventType "swiss"]
[EventRounds "7"]
[EventCountry "CAN"]

1. d4 d5 2. c4 e6 3. Nc3 Nf6 4. Bg5 Be7 5. Nf3 O-O 6. e3 h6 7. Bh4 Bb4 8. Bd3
c6 9. O-O Nbd7 10. Ne5 g5 11. Bg3 Nxe5 12. Bxe5 Nd7 13. Bg3 Nb6 14. c5 Bxc3 15.
cxb6 Bxb2 16. Rb1 Ba3 17. bxa7 Rxa7 18. f4 Be7 19. fxg5 Bxg5 20. Qe2 b5 21. e4
Qb6 22. Qf2 dxe4 23. Bxe4 Rd8 24. Be5 f5 25. Bf3 Kf7 26. Bh5+ Ke7 27. g4 Bf6
28. Bxf6+ Kxf6 29. Qh4+ Kg7 30. Rb2 Qxd4+ 31. Rbf2 Qf6 32. Qg3 Bd7 33. Kh1 Kh7
34. Qe3 Rda8 35. Qd3 Qe7 36. gxf5 exf5 37. Rxf5 Bxf5 38. Rxf5 Kg8 39. Rf7 Qg5
40. Qh7# 1-0

[Event "CYCC U14"]
[Site "Windsor CAN"]
[Date "2010.07.08"]
[Round "6"]
[White "Posaratnanathan, Juliaan"]
[Black "Chuchin, Sasha"]
[Result "1-0"]
[WhiteElo "1744"]
[BlackElo "1480"]
[PlyCount "111"]
[EventDate "2010.07.06"]
[EventType "swiss"]
[EventRounds "7"]
[EventCountry "CAN"]

1. e4 e5 2. Nf3 Nf6 3. Nxe5 d6 4. Nf3 Nxe4 5. d4 d5 6. Bd3 Bf5 7. O-O Nd7 8.
Re1 Be7 9. c4 c6 10. Nc3 Nxc3 11. bxc3 Bxd3 12. Qxd3 O-O 13. cxd5 cxd5 14. Rb1
Nb6 15. Bf4 f6 16. a4 Qd7 17. Qb5 Qxb5 18. Rxb5 Bd8 19. Bd6 a6 20. Rb3 Nxa4 21.
Bxf8 Kxf8 22. Rxb7 Nxc3 23. Re3 Rc8 24. Ra7 a5 25. Kf1 a4 26. Ke1 Bb6 27. Ra6
Bd8 28. Ng1 Be7 29. Ne2 Nxe2 30. Kxe2 a3 31. Ra7 Bb4 32. Rb3 Rc2+ 33. Kf3 Rb2
34. Re3 Rc2 35. Rb3 Rb2 36. Rd3 h6 37. Re3 Rc2 38. Raxa3 Bxa3 39. Rxa3 Rc7 40.
Ra5 Rd7 41. Kf4 Kf7 42. g4 g6 43. h4 Kg7 44. h5 g5+ 45. Kf5 Kf7 46. Ra6 Re7 47.
Rxf6+ Kg7 48. Rg6+ Kh7 49. Kf6 Re2 50. Rg7+ Kh8 51. Kg6 Re6+ 52. Kf5 Re4 53.
Rd7 Rxd4 54. Kg6 Re4 55. Rd8+ Re8 56. Rxe8# 1-0

[Event "CYCC U14"]
[Site "Windsor CAN"]
[Date "2010.07.08"]
[Round "6"]
[White "Semianiuk, Konstantin"]
[Black "Qin, Zi Yi (Joey)"]
[Result "1/2-1/2"]
[WhiteElo "2041"]
[BlackElo "2340"]
[PlyCount "183"]
[EventDate "2010.07.06"]
[EventType "swiss"]
[EventRounds "7"]
[EventCountry "CAN"]

1. e4 c5 2. Nf3 d6 3. Bb5+ Bd7 4. Bxd7+ Qxd7 5. c4 e5 6. Nc3 Nc6 7. d3 g6 8.
Nd5 Bg7 9. O-O Nge7 10. Bd2 O-O 11. Ne1 f5 12. f3 Nxd5 13. cxd5 Nd4 14. Nc2 Rf7
15. Nxd4 exd4 16. Qe2 Re8 17. b3 Qd8 18. Rac1 b6 19. Kh1 f4 20. Qf2 Be5 21. Rc2
g5 22. Be1 h5 23. Qe2 Ref8 24. Qd1 Rg7 25. Qe2 Rff7 26. Bf2 Rg6 27. Be1 Rfg7
28. Rg1 g4 29. Rd2 Qf6 30. Rc2 Qe7 31. Qd1 Bf6 32. Qe2 Kf7 33. Rb2 Ke8 34. Rc2
Be5 35. Qd1 Rg8 36. Qe2 Qg7 37. Qd1 Kd7 38. Rd2 Ke8 39. Rc2 Qd7 40. Qe2 Kf7 41.
Qd1 Rc8 42. Rc1 b5 43. Qe2 b4 44. Rc2 a5 45. Qd1 Ra8 46. Rb2 a4 47. Qe2 axb3
48. axb3 Ra3 49. Qd1 Rg8 50. Rf1 Ke8 51. Qe2 Qe7 52. Bd2 g3 53. h3 Kf7 54. Rfb1
Rga8 55. Qd1 Kg6 56. Qc1 Qf7 57. Kg1 h4 58. Kf1 Kg5 59. Ke2 Qd7 60. Be1 Qb7 61.
Bd2 R8a5 62. Be1 Qa6 63. Bd2 Ra1 64. Rxa1 Rxa1 65. Rb1 Ra2 66. Rb2 Ra1 67. Rb1
Ra3 68. Rb2 Qa8 69. Qc2 Qa7 70. Be1 Qa5 71. Bd2 Qa8 72. Be1 Ra1 73. Rb1 Ra2 74.
Rb2 Ra5 75. Bd2 Qa6 76. Be1 Ra1 77. Rb1 Ra5 78. Rb2 Ra3 79. Bd2 Ra1 80. Rb1 Qa2
81. Qxa2 Rxa2 82. Kd1 Kf6 83. Kc1 Ke7 84. Rb2 Ra1+ 85. Rb1 Ra3 86. Kc2 Kd7 87.
Bc1 Ra2+ 88. Rb2 Ra6 89. Kb1 Ra3 90. Bd2 Kc7 91. Kc2 Kb6 92. Be1 1/2-1/2

[Event "CYCC U14"]
[Site "Windsor CAN"]
[Date "2010.07.08"]
[Round "6"]
[White "Sohal, Tanraj"]
[Black "Leu, Richard"]
[Result "1-0"]
[WhiteElo "2094"]
[BlackElo "2036"]
[PlyCount "105"]
[EventDate "2010.07.06"]
[EventType "swiss"]
[EventRounds "7"]
[EventCountry "CAN"]

1. d4 Nf6 2. c4 e6 3. Nf3 d5 4. g3 c6 5. Bg2 Bd6 6. Qc2 Nbd7 7. O-O O-O 8. Nbd2
Re8 9. e4 Nxe4 10. Nxe4 dxe4 11. Qxe4 c5 12. Be3 Qc7 13. b3 f5 14. Qd3 e5 15.
dxe5 Nxe5 16. Nxe5 Bxe5 17. Rad1 Be6 18. Bd5 g6 19. Bxe6+ Rxe6 20. Qd5 Rae8 21.
Qxc5 Qxc5 22. Bxc5 b6 23. Be3 Bd6 24. Rd5 f4 25. Bxf4 Bxf4 26. gxf4 Rf8 27. Rd7
a5 28. Rfd1 Rxf4 29. Rb7 h5 30. Rd8+ Rf8 31. Rxf8+ Kxf8 32. Ra7 Rc6 33. Ra6 Kf7
34. c5 Rxc5 35. Rxb6 a4 36. bxa4 Rc4 37. a5 Ra4 38. a6 Rxa2 39. Kg2 Ra3 40. f3
g5 41. Rb7+ Kg6 42. Ra7 Ra2+ 43. Kg1 h4 44. Ra8 Kg7 45. a7 h3 46. Kf1 Kh7 47.
Ke1 Kg7 48. Kd1 Rxh2 49. Rg8+ Kxg8 50. a8=Q+ Kh7 51. Qe4+ Kg8 52. Qg6+ Kh8 53.
Qh6+ 1-0

[Event "CYCC U14"]
[Site "Windsor CAN"]
[Date "2010.07.09"]
[Round "7"]
[White "Bacic, Andrew"]
[Black "Cheng, Guy"]
[Result "0-1"]
[WhiteElo "1156"]
[BlackElo "1404"]
[PlyCount "52"]
[EventDate "2010.07.06"]
[EventType "swiss"]
[EventRounds "7"]
[EventCountry "CAN"]

1. d4 Nf6 2. Nf3 d6 3. Nc3 g6 4. Bf4 Bg7 5. e3 O-O 6. Qd2 c5 7. O-O-O Qa5 8.
Kb1 a6 9. Nd5 Qxd2 10. Nxe7+ Kh8 11. Nxd2 cxd4 12. exd4 d5 13. Be5 Be6 14. Bxf6
Bxf6 15. Nxg6+ fxg6 16. Nb3 Nc6 17. Be2 Bf5 18. g4 Rae8 19. Bf3 Be4 20. Bxe4
Rxe4 21. c3 Rxg4 22. Nc5 Bh4 23. Ne6 Rxf2 24. h3 Rgg2 25. b3 Rb2+ 26. Kc1 Rgc2#
0-1

[Event "CYCC U14"]
[Site "Windsor CAN"]
[Date "2010.07.09"]
[Round "7"]
[White "Bao, Tony"]
[Black "Jeyapragasan, Kuhan"]
[Result "1-0"]
[WhiteElo "1221"]
[BlackElo "1147"]
[PlyCount "99"]
[EventDate "2010.07.06"]
[EventType "swiss"]
[EventRounds "7"]
[EventCountry "CAN"]

1. d4 Nf6 2. e3 e6 3. Bd3 d5 4. Nd2 b6 5. Nh3 Nc6 6. c3 Bd6 7. O-O O-O 8. f4
Re8 9. Nf3 Ne4 10. Bxe4 dxe4 11. Ne5 Bxe5 12. fxe5 Ba6 13. Rf4 Bd3 14. Nf2 Rf8
15. Nxe4 Bxe4 16. Rxe4 f6 17. exf6 Qxf6 18. Rf4 Qg6 19. Qf3 Ne7 20. Rxf8+ Rxf8
21. Qe2 Nf5 22. g3 Nh4 23. Bd2 Nf3+ 24. Kh1 Qh5 25. e4 Qh3 26. Bf4 g5 27. Bxc7
Nd2 28. Kg1 Nf3+ 29. Kh1 Nd2 30. Bb8 Rf1+ 31. Rxf1 Nxf1 32. Qg2 Qg4 33. Qxf1
Qxe4+ 34. Kg1 Qe3+ 35. Kg2 Qe4+ 36. Qf3 Qc2+ 37. Qf2 Qe4+ 38. Kf1 Qh1+ 39. Ke2
Qe4+ 40. Kd1 Qb1+ 41. Ke2 Qxb2+ 42. Kf1 Qb1+ 43. Kg2 Qe4+ 44. Qf3 Qc2+ 45. Kh3
Qxa2 46. Qg4 h6 47. Qh5 Qc2 48. Qe8+ Kg7 49. Be5+ Kh7 50. Qf7# 1-0

[Event "CYCC U14"]
[Site "Windsor CAN"]
[Date "2010.07.09"]
[Round "7"]
[White "Chan, Alex"]
[Black "Chuchin, Sasha"]
[Result "1/2-1/2"]
[WhiteElo "1820"]
[BlackElo "1480"]
[PlyCount "155"]
[EventDate "2010.07.06"]
[EventType "swiss"]
[EventRounds "7"]
[EventCountry "CAN"]

1. e4 e5 2. Nf3 Nf6 3. Nxe5 d6 4. Nf3 Nxe4 5. Nc3 Nxc3 6. dxc3 Be7 7. Bf4 a6 8.
Qd2 Nc6 9. O-O-O Bg4 10. Bc4 Qd7 11. Rde1 Be6 12. Bd5 O-O-O 13. Re2 Bf6 14. Bg5
Bxg5 15. Nxg5 Rde8 16. Rhe1 Nd8 17. c4 h6 18. Nf3 c6 19. Qc3 Kb8 20. Bxe6 Nxe6
21. g3 Rhg8 22. Rd2 Rd8 23. Red1 Qc7 24. b3 Rge8 25. Re1 Re7 26. Kb2 Red7 27.
Red1 Qb6 28. Ne5 Re7 29. Rxd6 Rxd6 30. Rxd6 Nc5 31. Qd4 Na4+ 32. Kc1 Qxd4 33.
Rxd4 Rxe5 34. bxa4 Kc7 35. Kb2 Rf5 36. Rd2 Rf3 37. c3 Kb6 38. Kb3 g6 39. h4 f6
40. Re2 g5 41. hxg5 hxg5 42. Rd2 f5 43. Re2 g4 44. Rd2 f4 45. gxf4 Rxf4 46. Rd4
Rxf2 47. Rxg4 Rf5 48. Rg7 Rc5 49. Kb4 a5+ 50. Kb3 Ka6 51. Re7 Kb6 52. Re4 Rf5
53. Rg4 c5 54. Rg6+ Kc7 55. Rg7+ Kc6 56. Rg6+ Kc7 57. Kc2 Rf3 58. Rg5 b6 59.
Rg7+ Kc6 60. Rg6+ Kc7 61. Rg5 Kc6 62. Rd5 Kc7 63. Re5 Kd6 64. Re2 Rg3 65. Rd2+
Kc7 66. Kb3 Re3 67. Rb2 Kc6 68. Rg2 Rf3 69. Re2 Kd7 70. Kc2 Kc7 71. Kd2 Kc6 72.
Rg2 Kc7 73. Rg7+ Kc6 74. Rg6+ Kc7 75. Re6 Rg3 76. Re3 Rg2+ 77. Re2 Rg3 78. Kc2
1/2-1/2

[Event "CYCC U14"]
[Site "Windsor CAN"]
[Date "2010.07.09"]
[Round "7"]
[White "Granville, Matt"]
[Black "Schneider, Corin"]
[Result "0-1"]
[WhiteElo "893"]
[BlackElo "1630"]
[PlyCount "56"]
[EventDate "2010.07.06"]
[EventType "swiss"]
[EventRounds "7"]
[EventCountry "CAN"]

1. e3 e5 2. Bc4 d5 3. Bb5+ Bd7 4. Be2 Nc6 5. Bh5 g6 6. Be2 Bg7 7. h4 Nf6 8. a4
Qe7 9. Ra3 O-O-O 10. Nf3 h5 11. Nc3 Ng4 12. Nxd5 Qc5 13. b3 Qxd5 14. d3 Rhe8
15. e4 Qd6 16. Bg5 Qxa3 17. Bc1 Qc5 18. Qd2 Qxf2+ 19. Kd1 Bh6 20. Qc3 Bxc1 21.
a5 Qe3 22. a6 Nf2+ 23. Ke1 Nxh1 24. d4 Qxc3+ 25. Kd1 Nb4 26. axb7+ Kxb7 27.
Nxe5 Nf2+ 28. Kxc1 Qxc2# 0-1

[Event "CYCC U14"]
[Site "Windsor CAN"]
[Date "2010.07.09"]
[Round "7"]
[White "Haggith, Robert"]
[Black "Passador, Stephen"]
[Result "0-1"]
[WhiteElo "906"]
[BlackElo "1362"]
[PlyCount "90"]
[EventDate "2010.07.06"]
[EventType "swiss"]
[EventRounds "7"]
[EventCountry "CAN"]

1. e4 c5 2. Bc4 e6 3. Nf3 Nc6 4. Nc3 g6 5. O-O Bg7 6. d3 Nge7 7. Bg5 O-O 8. Re1
Re8 9. Qd2 Qc7 10. Bf4 d6 11. Re3 Nd4 12. Nxd4 cxd4 13. Rh3 dxc3 14. bxc3 e5
15. Bh6 Bxh3 16. Bxg7 Kxg7 17. gxh3 Rf8 18. h4 Qd7 19. Qg5 f6 20. Qg3 a6 21. h5
b5 22. Bd5 Nxd5 23. exd5 Rac8 24. hxg6 hxg6 25. d4 Rh8 26. Kg2 Rh5 27. h4 Qf5
28. Rg1 Rg8 29. Kh2 Qf4 30. Qxf4 exf4 31. Rg4 Rgh8 32. Kh3 Kf7 33. Rxf4 g5 34.
Rg4 Rxh4+ 35. Rxh4 Rxh4+ 36. Kg2 Rh8 37. Kf1 Rh1+ 38. Ke2 Ra1 39. Kd2 Rxa2 40.
Kc1 Ra1+ 41. Kb2 Rf1 42. Kb3 Rxf2 43. c4 bxc4+ 44. Kxc4 Rxc2+ 45. Kd3 Rc8 0-1

[Event "CYCC U14"]
[Site "Windsor CAN"]
[Date "2010.07.09"]
[Round "7"]
[White "Itkin, David"]
[Black "Semianiuk, Konstantin"]
[Result "0-1"]
[WhiteElo "1966"]
[BlackElo "2041"]
[PlyCount "168"]
[EventDate "2010.07.06"]
[EventType "swiss"]
[EventRounds "7"]
[EventCountry "CAN"]

1. e4 c5 2. Nc3 Nc6 3. Bb5 Nd4 4. Bc4 e6 5. Nf3 Ne7 6. O-O Nec6 7. Nxd4 Nxd4 8.
d3 Be7 9. Be3 O-O 10. Bxd4 cxd4 11. Ne2 Qb6 12. Bb3 d6 13. f4 Bd7 14. Ng3 Kh8
15. f5 Qd8 16. Qg4 e5 17. Ne2 Rc8 18. Rf3 Bf6 19. Rh3 Qe7 20. Rf1 h6 21. Ng3
Bg5 22. Qf3 b5 23. Qe2 a5 24. Nh5 f6 25. Rg3 Be8 26. Qg4 a4 27. Be6 Rxc2 28. h4
Be3+ 29. Kh1 Rc7 30. Rb1 Kh7 31. Rf1 Bxh5 32. Qxh5 Rb8 33. Qd1 Rc5 34. Qe2 Bc1
35. Rd1 Rb7 36. b3 a3 37. b4 Rc3 38. Bb3 Rbc7 39. Kg1 Bf4 40. Rf3 Rc1 41. Rff1
Rxd1 42. Rxd1 Rc3 43. Qg4 Qe8 44. Qe2 Bc1 45. Qg4 Bb2 46. Qe2 Kh8 47. Rb1 Qc8
48. Qd1 Rc7 49. g4 Qd8 50. Qe2 Bc1 51. Qd1 Be3+ 52. Kh1 Re7 53. Qc2 Rc7 54. Qd1
Qe8 55. Bd5 Qb8 56. Bb3 Qb6 57. Bd5 Rc8 58. Be6 Rc3 59. Bd5 Qc7 60. Bb3 Kh7 61.
h5 Bc1 62. Kg1 Bb2 63. Kh1 Rc6 64. g5 hxg5 65. h6 gxh6 66. Qh5 Qg7 67. Bf7 Rc7
68. Be8 Re7 69. Bxb5 Qf7 70. Qxf7+ Rxf7 71. Bc4 Rb7 72. b5 h5 73. Kg2 Kh6 74.
Kg3 Bc3 75. Bd5 Rb6 76. Bc4 g4 77. Kh4 Bd2 78. Bf7 Rxb5 79. Ra1 Bg5+ 80. Kg3
Rb2 81. Bxh5 Bf4+ 82. Kxg4 Rg2+ 83. Kf3 Rg3+ 84. Ke2 Kxh5 0-1

[Event "CYCC U14"]
[Site "Windsor CAN"]
[Date "2010.07.09"]
[Round "7"]
[White "Leu, Richard"]
[Black "Farrant-Diaz, Nathan"]
[Result "1-0"]
[WhiteElo "2036"]
[BlackElo "1716"]
[PlyCount "55"]
[EventDate "2010.07.06"]
[EventType "swiss"]
[EventRounds "7"]
[EventCountry "CAN"]

1. d4 b6 2. c4 Bb7 3. Nc3 Nf6 4. d5 e6 5. a3 exd5 6. cxd5 Bd6 7. g3 Be5 8. Bg2
O-O 9. Bf4 Bxf4 10. gxf4 Re8 11. e3 a5 12. Nge2 Na6 13. Ng3 Nc5 14. Qc2 Ba6 15.
Rd1 Bc4 16. Rd4 Bb3 17. Qe2 a4 18. O-O Ra5 19. Re1 d6 20. Bf3 Kh8 21. Kh1 g6
22. Kg2 Re7 23. Qd2 Ne8 24. e4 Ba2 25. Nxa2 Nb3 26. Qc3 Nxd4 27. Qxd4+ Kg8 28.
Nb4 1-0

[Event "CYCC U14"]
[Site "Windsor CAN"]
[Date "2010.07.09"]
[Round "7"]
[White "Posaratnanathan, Juliaan"]
[Black "Florea, Alexandru"]
[Result "0-1"]
[WhiteElo "1768"]
[BlackElo "2076"]
[PlyCount "70"]
[EventDate "2010.07.06"]
[EventType "swiss"]
[EventRounds "7"]
[EventCountry "CAN"]

1. e4 c5 2. Nf3 d6 3. d4 cxd4 4. Nxd4 Nf6 5. Nc3 g6 6. Be3 Bg7 7. f3 O-O 8. Qd2
Nc6 9. O-O-O d5 10. exd5 Nxd5 11. Nxc6 bxc6 12. Bd4 Bxd4 13. Qxd4 Qb6 14. Nxd5
cxd5 15. Qxb6 axb6 16. a3 Ra5 17. Be2 Bb7 18. g4 e5 19. g5 f6 20. gxf6 Rxf6 21.
Rhe1 Kf7 22. Bf1 Ke6 23. Bh3+ Kd6 24. Bg2 Rf4 25. Rd3 Rc5 26. Rb3 b5 27. Rd3
Rc8 28. Rb3 Bc6 29. Rbe3 Re8 30. Kd2 e4 31. fxe4 dxe4 32. Kc3 Kc5 33. b4+ Kd5
34. Rxe4 Rexe4 35. Kd3 Ke5 0-1

[Event "CYCC U14"]
[Site "Windsor CAN"]
[Date "2010.07.09"]
[Round "7"]
[White "Qin, Zi Yi (Joey)"]
[Black "Myers, Joshua"]
[Result "1-0"]
[WhiteElo "2340"]
[BlackElo "1498"]
[PlyCount "59"]
[EventDate "2010.07.06"]
[EventType "swiss"]
[EventRounds "7"]
[EventCountry "CAN"]

1. e4 c5 2. Nf3 d6 3. d4 cxd4 4. Nxd4 Nf6 5. Nc3 Nc6 6. Bc4 e6 7. Be3 a6 8. Bb3
Bd7 9. Qe2 Rc8 10. O-O-O Be7 11. Rhg1 O-O 12. g4 b5 13. g5 Ne8 14. Qh5 Ne5 15.
Rg3 g6 16. Qh6 Ng7 17. Rh3 Nh5 18. Rg1 Re8 19. Rxh5 gxh5 20. Qxh5 Ng6 21. Rg3
Bf8 22. Rh3 Bg7 23. Qxh7+ Kf8 24. f4 Nxf4 25. Bxf4 e5 26. Nf5 Bxf5 27. Qxf5 Re7
28. Nd5 Rb7 29. Be3 Qa5 30. Qxc8+ 1-0

[Event "CYCC U14"]
[Site "Windsor CAN"]
[Date "2010.07.09"]
[Round "7"]
[White "Su, Stanley"]
[Black "Gagnon, Justin"]
[Result "1-0"]
[WhiteElo "1608"]
[BlackElo "1824"]
[PlyCount "63"]
[EventDate "2010.07.06"]
[EventType "swiss"]
[EventRounds "7"]
[EventCountry "CAN"]

1. e4 e6 2. f4 d5 3. e5 f6 4. Nf3 Nc6 5. d4 f5 6. Be2 Nge7 7. Be3 b6 8. Nbd2
Bb7 9. O-O Qd7 10. c3 O-O-O 11. b4 Nb8 12. a4 Ba6 13. b5 Bb7 14. Ng5 Ng8 15. a5
h6 16. axb6 axb6 17. Ngf3 c6 18. Qb3 cxb5 19. Bxb5 Bc6 20. Ba6+ Nxa6 21. Rxa6
b5 22. Rfa1 Be7 23. c4 dxc4 24. Nxc4 bxc4 25. Qxc4 Qd5 26. Rxc6+ Kd7 27. Qxd5+
exd5 28. Rca6 Rb8 29. Ra7+ Ke6 30. R7a6+ Kf7 31. Bc1 Rb7 32. Ra7 1-0

[Event "CYCC U14"]
[Site "Windsor CAN"]
[Date "2010.07.09"]
[Round "7"]
[White "Wang, Yuekai"]
[Black "Sohal, Tanraj"]
[Result "0-1"]
[WhiteElo "1910"]
[BlackElo "2094"]
[PlyCount "106"]
[EventDate "2010.07.06"]
[EventType "swiss"]
[EventRounds "7"]
[EventCountry "CAN"]

1. e4 c5 2. Nf3 Nc6 3. d4 cxd4 4. Nxd4 Nf6 5. Nc3 e6 6. Ndb5 d6 7. Be2 a6 8.
Nd4 e5 9. Nb3 Be6 10. Bg5 Be7 11. Qd2 Nd7 12. Bxe7 Qxe7 13. O-O-O Bxb3 14. axb3
Nd4 15. Bd3 Nc5 16. Kb1 O-O 17. Nd5 Qd8 18. h4 b5 19. b4 Nb7 20. g4 Ne6 21. g5
Nc7 22. Nxc7 Qxc7 23. h5 Qb6 24. Rdg1 Nd8 25. g6 Ne6 26. h6 hxg6 27. hxg7 Kxg7
28. Be2 Rh8 29. Bg4 Nf4 30. Bd1 Rad8 31. c3 Qc6 32. Bc2 Qb6 33. f3 d5 34. exd5
Nxd5 35. Qg5 Qf6 36. Qg4 Ne3 37. Qe4 Nxc2 38. Kxc2 Rxh1 39. Rxh1 Qf5 40. Qxf5
gxf5 41. b3 e4 42. f4 Rh8 43. Rxh8 Kxh8 44. c4 Kg7 45. Kc3 bxc4 46. bxc4 Kf6
47. Kd4 Ke6 48. Kc5 e3 49. b5 axb5 50. cxb5 e2 51. Kc6 e1=Q 52. b6 Qc3+ 53. Kb7
Qf3+ 0-1

[Event "CYCC U14"]
[Site "Windsor CAN"]
[Date "2010.07.09"]
[Round "7"]
[White "Zhao, Donovan"]
[Black "Kalra, Agastya"]
[Result "0-1"]
[WhiteElo "1656"]
[BlackElo "2004"]
[PlyCount "42"]
[EventDate "2010.07.06"]
[EventType "swiss"]
[EventRounds "7"]
[EventCountry "CAN"]

1. e4 c5 2. Nf3 d6 3. d4 cxd4 4. Nxd4 Nf6 5. Nc3 g6 6. Be2 Bg7 7. O-O O-O 8.
Be3 Nc6 9. Nb3 Be6 10. f4 a6 11. Bf3 Nd7 12. Qd2 Nb6 13. Bxb6 Qxb6+ 14. Kh1 Nd4
15. Na4 Qa7 16. Nxd4 Bxd4 17. c3 Be3 18. Qe2 b5 19. e5 Rad8 20. exd6 Rxd6 21.
g3 Rd2 0-1

[Event "CYCC U14 w"]
[Site "Windsor CAN"]
[Date "2010.07.06"]
[Round "1"]
[White "Ding, Jill"]
[Black "Yun, Chang"]
[Result "0-1"]
[WhiteElo "1220"]
[BlackElo "1475"]
[PlyCount "62"]
[EventDate "2010.07.06"]
[EventType "swiss"]
[EventRounds "7"]
[EventCountry "CAN"]

1. e4 c5 2. c4 Nc6 3. Nc3 g6 4. g3 Bg7 5. Bg2 d6 6. Nge2 e6 7. O-O Nge7 8. Rb1
O-O 9. a3 a5 10. d3 Rb8 11. f4 b6 12. g4 f5 13. h3 Nd4 14. Nxd4 Bxd4+ 15. Kh1
Ba6 16. Ne2 Bg7 17. b3 b5 18. Be3 Qc7 19. Ng3 bxc4 20. dxc4 a4 21. Qd3 axb3 22.
Rxb3 Rxb3 23. Qxb3 Rb8 24. Qa4 Bb7 25. Qc2 Bc6 26. Rb1 Rxb1+ 27. Qxb1 Qa5 28.
Qb8+ Kf7 29. Qxd6 Qe1+ 30. Nf1 Bxe4 31. Bxe4 Qxf1+ 0-1

[Event "CYCC U14 w"]
[Site "Windsor CAN"]
[Date "2010.07.06"]
[Round "1"]
[White "Giblon, Rebecca"]
[Black "Roussel, Lauriane"]
[Result "1-0"]
[WhiteElo "1493"]
[BlackElo "1006"]
[PlyCount "71"]
[EventDate "2010.07.06"]
[EventType "swiss"]
[EventRounds "7"]
[EventCountry "CAN"]

1. e4 e5 2. Nf3 Nc6 3. Nc3 d6 4. d4 Nxd4 5. Nxd4 exd4 6. Qxd4 Nf6 7. Bg5 c5 8.
Qd3 Be6 9. Nd5 Bxd5 10. exd5 Be7 11. Qb3 b6 12. Bb5+ Nd7 13. Bf4 O-O 14. O-O
Bf6 15. Bxd6 Be7 16. Bf4 Nf6 17. Rad1 Bd6 18. Bg5 h6 19. Bh4 Re8 20. Bxe8 Qxe8
21. Bxf6 gxf6 22. Rfe1 Be5 23. f4 Bd4+ 24. Kh1 Qd7 25. Qg3+ Qg4 26. Qxg4+ Kf8
27. c3 Bf2 28. Re2 Bd4 29. cxd4 cxd4 30. Rxd4 Rc8 31. Qxc8+ Kg7 32. f5 h5 33.
Re3 a5 34. Rg3+ Kh7 35. Qg8+ Kh6 36. Qh8# 1-0

[Event "CYCC U14 w"]
[Site "Windsor CAN"]
[Date "2010.07.06"]
[Round "1"]
[White "Vyravanathan, Sobiga"]
[Black "Wang, Yan"]
[Result "0-1"]
[WhiteElo "1242"]
[BlackElo "1577"]
[PlyCount "130"]
[EventDate "2010.07.06"]
[EventType "swiss"]
[EventRounds "7"]
[EventCountry "CAN"]

1. e4 c5 2. Nf3 Nc6 3. d4 cxd4 4. Nxd4 g6 5. Nc3 Bg7 6. Be3 d6 7. Bb5 Bd7 8.
Qd2 Nf6 9. O-O O-O 10. Rfe1 Ng4 11. Nxc6 bxc6 12. Bd3 Nxe3 13. Qxe3 Qa5 14. Qd2
Rab8 15. Reb1 Rxb2 16. Rxb2 Bxc3 17. Qc1 Bxb2 18. Qxb2 Qb6 19. Qc1 Rb8 20. h3
Qb2 21. Qe1 Be6 22. a3 Ba2 23. Qd1 Qxa1 24. Qxa1 Rb1+ 25. Qxb1 Bxb1 26. Kf1 Kf8
27. Ke1 Ba2 28. Kd2 Be6 29. Kc3 c5 30. Bc4 Bd7 31. Kb3 Ke8 32. a4 e6 33. Bb5 d5
34. exd5 exd5 35. g4 Kd8 36. f4 Kc7 37. Ka3 h5 38. gxh5 gxh5 39. h4 Bxb5 40.
axb5 Kb6 41. Ka4 f5 42. c3 a6 43. bxa6 Kxa6 44. Kb3 Kb5 45. Kc2 Kc4 46. Kd2 d4
47. cxd4 Kxd4 48. Ke2 Ke4 49. Kd2 Kxf4 50. Kc3 Kg4 51. Kc4 f4 52. Kxc5 f3 53.
Kd4 f2 54. Ke3 f1=Q 55. Kd4 Qe2 56. Kd5 Kf5 57. Kc5 Qd3 58. Kc6 Ke6 59. Kc5
Qd5+ 60. Kb6 Qc4 61. Kb7 Kd6 62. Kb8 Qc7+ 63. Ka8 Qh7 64. Kb8 Kc6 65. Kc8 Qc7#
0-1